000 01261nam0a2200313 4500
001 RU\NLR\bibl\1157625
005 20250630112850.0
010 _a5-93972-584-8
035 _a(NLR Aleph) 001144388
090 _a1437922
_c1437922
100 _a20071121d2007 |||y0rusy50 ca
101 0 _arus
102 _aRU
105 _ac |||||||||
200 1 _aКрупицы памяти
_fР.Г. Баранцев
210 _aМосква
_cИнститут компьютерных исследований
_aИжевск
_cR&C Dynamics
_d2007
215 _a323 с., [5] л. цв. ил., портр.
_cил., портр.
_d20
316 _aС автогр. авт.
_5NLR
316 _aавтограф
_5NLR:2007-3/32393
320 _aБиблиогр.: с. 105-132 (416 назв.)
600 1 _aБаранцев
_f1931
_gРэм Георгиевич
_jВоспоминания, записки и т.п.
_92495760
_3RU\NLR\auth\661480546
686 _aВ253.33д(2)Баранцев
700 1 _4070
_7ca
_8rus
_aБаранцев
_bР. Г.
_f1931-
_gРэм Георгиевич
_9160080
_3RU\NLR\AUTH\770160121
801 0 _aRU
_bNLR
_c20071121
_gRCR
801 1 _aRU
_bNLR
_c20071121
830 _aавт. по кн.
942 _cBOOK
980 _aNB